000 00502nam a2200193Ia 4500
005 20250425161459.0
008 250425s9999 xx 000 0 und d
041 _aspa
082 _a622.3382
110 _aPETROLEUM EXTENSION SERVICE
245 0 _aPREVENCION DE REVENTONES
250 _a1ST ED.
260 _aEstados Unidos
_bINTERNATIONAL ASSOCIATION OF DRILLING CONTRACTORS
_c1975
260 _aHOUSTON
300 _a89
650 _aINGENIERIA PETROLERA
942 _c01
010 _a21307
999 _c210139
_d210139